Taylor Swift - Une couleur, une chanson - Statistiques

Statistiques générales
  • Ce quiz a été pris 339 fois
    114 depuis la dernière actualisation
  • Le résultat moyen est 9 sur 14
Statistiques - réponses
Couleurs Chansons % Correct
Bleu (Blue/Sapphire/Teal/Aquamarine) Afterglow / All Too Well / A Place In This World / Bejeweled / cardigan / Carolina / Christmas Tree Farm / coney island / Crazier / Cruel Summer / Dancing With Our Hands Tied / Dear John / Delicate / Everything Has Changed / Fresh out the Slammer / Gorgeous / Guilty as Sin? / Hits Different / hoax / I Heart ? / I Knew It, I Knew You / invisible string / Is It Over Now? / London Boy / Lover / Miss Americana And The Heartbreak Prince / Paper Rings / peace / Red / Ronan / Run / “Slut!” / Starlight / Tim McGraw / This Love
94%
Rouge (Red/Scarlet/Cherry) All Too Well / Blank Space / Daylight / End Game / I Did Something Bad / Is It Over Now? / Look What You Made Me Do / Love Story / New Romantics / Nothing New / Now That We Don’t Talk / Only The Young / Red / Style / The Great War / the lakes / The Moment I Knew / Wildest Dreams
94%
Bordeau (Burgundy/Maroon) Chloe or Sam or Sophia or Marcus / Dear John / Maroon
93%
Violet (Purple/Lavender/Violet/Lilac) Afterglow / Eldest Daughter / Elizabeth Taylor / invisible string / Lavender Haze / Imgonnagetyouback / The Great War
86%
Blanc (White/Opal) Daylight / Elizabeth Taylor / Getaway Car / Honey / Is It Over Now? / ivy / Karma (ft. Ice Spice) / loml / Love Story / Out of the Woods / right where you left me / So Long, London / Speak Now / Style / The Best Day / The Other Side Of the Door / Timeless / White Christmas / White Horse
84%
Doré (Gold/Golden) Castles Crumbling / Christmas Must Be Something More / coney island / Daylight / Dress / Dancing With Our Hands Tied / End Game / Father Figure / gold rush / I Look in People’s Windows / invisible string / long story short / So It Goes / State Of Grace / Tied Together With A Smile / The Best Day
79%
Gris (Grey/Gray) But Daddy I Love Him / Bye Bye Baby / Cold As You / coney island / evermore / Fresh out the Slammer / Getaway Car / Gold Rush / Imgonnagetyouback / London Boy / Red / Ronan / Ruin The Friendship / So It Goes / Today Was A Fairytale / Timeless / You’re Losing Me
78%
Noir (Black) Clean / Daylight / Delicate / Dress / Getaway Car / I Heart ? / loml / Out of the Woods / So It Goes / Tim McGraw / The Black Dog / The Lucky One / The Other Side Of the Door / Timeless / Wood
74%
Rose (Pink/Rose/Rosy) gold Rush / Honey / I Look in People’s Windows / invisible string / It’s Nice To Have A Friend / “Slut!” / Wildest Dreams
66%
Vert (Green) champagne problems / Everything Has Changed / happiness / Holy Ground / I Know Places / invisible string / Snow On The Beach / Sparks Fly / the last great american dynasty / Wonderland
50%
Orange (Orange/Amber/Tangerine) marjorie / Soon You’ll Get Better / “Slut!”
43%
Greige The Prophecy
22%
Marron (Brown) Father Figure / Superman
11%
Argent (Silver) I Bet You Think About Me
9%
Aucun quiz correspondant
Distribution des résultats
% des personnes avec chaque résultat
Percentile par nombre de réponses
Votre historique - résultats
Vous n’avez pas pris ce quiz depuis la dernière actualisation